Catálogo
 En Linea

Derecho internacional. (Registro nro. 14871)

Detalles MARC
000 -CABECERA
campo de control de longitud fija 00622 caa22001694124500
001 - NÚMERO DE CONTROL
campo de control 000015305
005 - FECHA Y HORA DE LA ÚLTIMA TRANSACCIÓN
campo de control 20200929164016.0
008 - DATOS DE LONGITUD FIJA--INFORMACIÓN GENERAL
campo de control de longitud fija 820312s1932 cl 000 0 spa
040 ## - FUENTE DE LA CATALOGACIÓN
Centro catalogador/agencia de origen DO-SdBNP
Lengua de catalogación spa
Centro/agencia transcriptor BNPHU
100 1# - ENTRADA PRINCIPAL--NOMBRE DE PERSONA
Nombre de persona Bello, Andres,
Fechas asociadas al nombre 1781-1865. [from old catalog]
9 (RLIN) 34611
240 10 - TÍTULO UNIFORME
Título uniforme Principios de derecho internacional [from old catalog]
245 10 - MENCIÓN DE TÍTULO
Título Derecho internacional.
250 ## - MENCIÓN DE EDICIÓN
Mención de edición Edicion hecha bajo los auspicios de la Universidad de Chile.
260 ## - PUBLICACIÓN, DISTRIBUCIÓN, ETC.
Lugar de publicación, distribución, etc. [Santiago de Chile] :
Nombre del editor, distribuidor, etc. Nascimento,
Fecha de publicación, distribución, etc. [1932].
300 ## - DESCRIPCIÓN FÍSICA
Extensión 2 p.l., [7]-581 p. ;
Dimensiones 25 cm.
710 1# - PUNTO DE ACCESO ADICIONAL--NOMBRE DE ENTIDAD CORPORATIVA
Unidad subordinada Universidad, Santiago. [from old catalog]
9 (RLIN) 34612
Existencias
Estado de retiro Estado de pérdida Restricciones de uso No para préstamo Código de colección Localización permanente Ubicación/localización actual Ubicación en estantería Fecha de adquisición Número de inventario Total de préstamos Signatura topográfica completa Código de barras Fecha visto por última vez Precio válido a partir de Tipo de ítem Koha
    Préstamo interno   Monografías: Libros y Folletos General General En catalogación 04.02.2010 LF1   v.1 15305-10 25.06.2020 25.06.2020 Préstamo interno

Con tecnología Koha